000 00660nam a2200229Ia 4500
003 BUBTL
008 151213s9999 xx 000 0 und d
020 _a984-32-01-0126-4
082 _a342.5492/ Is41c/ 2002
100 _aIslam, Mahmudul
_92421
245 _aConstitutional Law of Bangladesh:
_cMahmudul Islam
250 _a2nd.
260 _aDhaka
_bMullick Brothers
_cc2002
300 _a[xcix], 848p. :
_bill . ;
_c21.5 cm .
500 _aIncludes Index.
650 _aLaw
650 _aLaw
_94260
700 _aMahmudul Islam
_92421
856 _k0
_l0
_yDownload
942 _2ddc
_cBK
999 _c3772
_d3772